| 000 | 02215cam a22004934i 4500 | ||
|---|---|---|---|
| 003 | PE-LiUPU | ||
| 005 | 20250731172951.0 | ||
| 008 | 150623s r 000 0 d | ||
| 020 | _a0801021049 | ||
| 035 | _a(Sirsi) i9780801021046 | ||
| 040 |
_aPE-LiUPU _bspa _cPE-LiUPU _erda |
||
| 049 | _aPRUA | ||
| 082 | 0 | 4 |
_a261.515 _bJ33 _221 |
| 100 | 1 |
_aJeeves, Malcolm A., _eautor. |
|
| 245 | 1 | 0 |
_aHuman nature at the millennium: reflections on the integration of psychology and Christianity / _cMalcolm A. Jeeves. |
| 264 | 1 |
_aMichigan : _bBaker Books, _c1997. |
|
| 300 |
_a254 páginas ; _c23 centímetros |
||
| 336 |
_atext _2rdacontent |
||
| 337 |
_aunmediated _2rdamedia |
||
| 338 |
_avolume _2rdacarrier |
||
| 504 | _aIncluye bibliografía. | ||
| 505 | 0 | _aApproaching modern psychology. -Science and faith: learning from the past. -Neuropsychology: linking mind and brain. -Neuropsychology and spiritual experience. -Linking the Brain and behavior. -Human nature: biblical and psychological portraits. -Human nature and animal nature: are they different?. -Personology and psychotherapy: confronting the challenges. -Human needs: psychological and theological perspectives. -Consciousness now: a contemporary Issue. -Explaining consciousness now: a contemporary issue. -Determinism, freedom, and responsability. -The future of science and faith: beyond perspectivalism?. | |
| 526 | _aSEG42 | ||
| 526 | _aSEG41 | ||
| 526 | _aSEG40 | ||
| 526 | _aSEG39 | ||
| 526 | _aP94 | ||
| 526 | _aP87 | ||
| 526 | _aP86 | ||
| 526 | _aP85 | ||
| 526 | _aP77 | ||
| 526 | _aP76 | ||
| 526 | _aP35 | ||
| 650 | 0 | 4 |
_aAntropología teológica _xCristianismo. _93787 |
| 650 | 0 | 4 |
_aCristianismo _xPsicología. _95763 |
| 650 | 0 | 4 | _aPsicología de la Religión. |
| 650 | 0 | 4 |
_aPsicología. _95567 |
| 942 |
_2ddc _cBOOK |
||
| 949 |
_a261.515 J33 _wDEWEY _c1 _i44977 _lCCODEBUL1 _mBUL _r0 _sY _tBOOK _u2015-6-24 _xTEOLOGIA _PP35 _0COMPRA _o.STAFF. Colección General |
||
| 994 |
_aC0 _bPEPRU |
||
| 596 | _a1 | ||
| 999 |
_a261.515 J33 _wDEWEY _c21854 _i44977 _f2021-11-10 _g5 _lCCODEBUL1 _mBUL _r0 _sY _tBOOK _u2015-6-24 _xTEOLOGIA _PP35 _0COMPRA _o.STAFF. Colección General _d21854 |
||
| 980 |
_81 _gALBERTO SANCHEZ Responsable de Automatización |
||